000 00639nam a2200277Ia 4500
005 20260324140104.0
008 008 260324s9999 xx 000 0 eng d
020 _a9781315866376
037 _aEBOOK
040 _aCRL
040 _beng
040 _cCRL
041 _2eng
041 _aeng
084 _qCRL
100 _aJim Donnelly
_91192988
245 2 _aA Handbook for Deputy Heads in Schools
260 _bTaylor and Francis
260 _c1999
365 _a
365 _b205
856 _uhttp://www.taylorfrancis.com/books/9781315866376
942 _cEBOOK
999 _c1804772
_d1804772